000 00329nam a22001457a 4500
008 221124b ||||| |||| 00| 0 eng d
020 _a9781119505259
041 _aeng
080 _212TH EDITION
_a159.9
082 _a159.9 HUF
100 _a25
101 _aPSI
245 _aPSYCHOLOGY IN ACTION
_cHUFFMAN
942 _2udc
_cBK
999 _c59017
_d59017